000 00368nam a2200145 i 4500
001 bg
100 1 _aTUNIA, Henryk
245 0 _aElektryczne elementy automatyki /
_cHenryk Tunia, Józef Łastowiecki.
260 _aWarszawa,
_c1976.
700 1 _aŁASTOWIECKI, Józef
040 _cBPK
041 _apol
942 _cKS
008 s pl f |000 0 pol
999 _c16740
_d16740
856 _uhttp://koha.tu.koszalin.pl/cgi-bin/koha/opac-detail.pl?biblionumber=16740
_yKatalog online BPK